Top 10 europäische Länder mit der höchsten Erhebung - Statistiken

Allgemein
  • Dieses Quiz wurde 159 mal gespielt
  • Das Durchschnittsergebnis liegt bei 8 aus 10
Antwortstatistiken
Meter Land % Korrekt
4,634 Schweiz
99%
3,798 Österreich
98%
2,962 Deutschland
96%
4,810 Frankreich
96%
3,479 Spanien
95%
4,810 Italien
93%
5,642 Russland
91%
2,919 Griechenland
67%
2,942 Andorra
57%
2,925 Bulgarien
50%
Keine übereinstimmenden Quizze gefunden
Verteilung der Resultate
Anzahl Personen mit jedem Resultat
Perzentil nach korrekt beantworteten Fragen
Ihre Resultats-Entwicklung
Sie haben dieses Quiz noch nicht gespielt